[Event "Tata Steel-A 74th"]
[Site "Wijk aan Zee"]
[Date "2012.01.25"]
[Round "10"]
[White "Giri, Anish"]
[Black "Aronian, Levon"]
[Result "0-1"]
[WhiteElo "2714"]
[BlackElo "2805"]
[Annotator "Aronian,L"]
[PlyCount "86"]
[EventDate "2012.01.14"]
[EventType "tourn"]
[EventRounds "13"]
[EventCountry "NED"]
[EventCategory "21"]
[SourceTitle "CBM 147"]
[Source "ChessBase"]
[SourceDate "2012.03.16"]
[SourceVersion "1"]
[SourceVersionDate "2012.03.16"]
[SourceQuality "1"]

1. d4 {Before this game, I had only played Giri once. At the European Team
Championship in 2011, I succeeded in winning a good game against him.} d5 {
On the advice of my wise friend Hao, I decided for the time to move into a
Queen's Gambit.} 2. c4 e6 3. Nc3 Be7 4. Nf3 {The line 4.cxd5 exd5 5.Bf4
usually leads to sharper play.} Nf6 5. Bf4 O-O 6. e3 Nbd7 {Recently, a few new
ideas have appeared in this position.} 7. Be2 {The other new line, 7.Qc2 c5 8.
Rd1 also leads to interesting play.} dxc4 8. O-O {This comparatively new idea
was thought up by me, and I used it first against Anand at the Tal Memorial in
2011. It is a bit strange to have to fight against one's own weapons. 
Krasenkow: 'A fashionable line deeply analysed by GM Evgeny Postny in CBM 146.
GM Levon Aronian (who used to play it as White!) now comes up with a fresh
idea.'} Nb6 {I decided to choose a variation that does not look all that great,
hoping that Anish would not be familiar with it.} (8... c5 {(Krasenkow) is
very logical but has not brought Black full equality in recent games:} 9. dxc5
Nxc5 10. Bxc4 a6 (10... Qxd1 11. Rfxd1 b6 12. Nd4 Bb7 13. f3 (13. Rac1 a6 14.
b4 Nce4 15. Nxe4 Bxe4 16. a3 Rfc8 17. f3 Bb7 18. e4 {1/2 Gelfand,B (2744)
-Kramnik,V (2800)/Moscow 2011/CBM 146/[Postny,E] (48)} Kf8 19. Bf1 a5 $11 {
E.Postny}) 13... Rfc8 14. Rac1 a6 15. a3 Nh5 16. Be5 Nf6 17. Bg3 Kf8 18. e4 Ke8
19. Bf1 g6 20. Bf2 (20. Rc2 $142 $14 {E.Postny}) 20... e5 21. Nc2 Nb3 22. Rb1
b5 23. Ne3 Rd8 24. a4 Nd2 25. axb5 Nxb1 26. Rxb1 Bc5 $13 {1/2 Anand,V (2811)
-Kramnik,V (2800)/London 2011/CBM 146/[Postny,E] (39)}) 11. Ne5 (11. Nd4 Bd7
12. a3 Rc8 13. Rc1 Nce4 14. Nxe4 Nxe4 15. Bd3 Rxc1 16. Qxc1 Nf6 17. Rd1 Qb6 18.
Bc2 Rc8 19. Qb1 h6 $11 {1/2 Aronian,L (2802)-Anand,V (2811)/London 2011/CBM
146/[Postny,E] (25)}) 11... Ncd7 12. Be2 Nxe5 13. Bxe5 Qa5 14. Bg3 b5 15. Bf3
Ra7 16. Ne2 Bb7 17. Bxb7 Rxb7 18. Nd4 Rd7 19. Qc2 Bd6 20. Nc6 Qb6 21. Bxd6 Rxd6
22. Rac1 $14 {[%csl Gc6] 1/2 Aronian,L (2802)-Gelfand,B (2744)/Moscow 2011/CBM
146/[Postny,E] (40)}) 9. Qc2 {This move followed immediately. In my heart of
hearts, I was hoping to get a variation looked at by Pashikyan, where Black
sacrifices the exchange. Instead of the text move, White has a wide choice.} ({
A complicated battle results from the possible line} 9. e4 c5 (9... Ne8 {
with the idea of strengthening the pawn on c4, also deserves attention.}) 10.
dxc5 Bxc5 11. Qc2) 9... Nh5 {This is the principled move.} ({After} 9... Nfd5
10. Bg3 {White plays Ne5 next move and retains slight pressure.}) 10. Be5 {
Both here and on the next move, Bg3 gives White a solid position, but he
cannot fight for a significant advantage.} f6 11. Ng5 fxg5 12. Bxh5 {By means
of this exchange, White damages the black pawn structure. In compensation,
Black keeps the extra pawn on c4 permanently.} Bd7 ({The possible} 12... Bd6 {
turned out to be extremely modest, in analysis with Arman.}) 13. Bf3 {This
move is important for the assessment of the whole variation with 8...Nb6. A
very complicated battle results from 13.Bg4.} (13. Rad1 $5 {Krasenkow} Bd6 $1)
13... Rxf3 14. gxf3 Bd6 {Analysing this position during the 2011 Tal Memorial,
Arman Pashikyan considered it pleasant for Black to play in practice. His play
is simple, whilst White has to think about how to activate his rooks.} (14...
Bc6 $5 {(Krasenkow) appears good, too.}) 15. Qe4 {It seems to me that the
transfer of the queen to g4 does not improve Black's position, and merely
gives Black a tempo for the development of his initiative. I would prefer to
bring the bishop to g3, put the knight on e4 and exchange the c4-pawn by means
of b3. In this case, White's position would also have its plusses.} (15. Bxd6
$5 {Krasenkow} cxd6 16. Qe4 Qf6 $1 17. Qxb7 Rc8 {[%cal Rd7c6]} 18. Qxa7 Qxf3
19. Qxb6 {, and Black has hardly more than a perpetual.}) 15... Bc6 16. Qg4 Qe7
17. Bxd6 ({On} 17. Ne4 {I was planning to play} h6 {White cannot keep the
bishop on e5, because after ...Be5 dxe5 Nd7, the pawn on e5 becomes very weak.}
) (17. Bg3 $142 {Krasenkow} h6 18. Ne4 $13 Nd5 $140 19. Rfc1) 17... cxd6 18.
Ne4 {It seems to me that White could maintain the dynamic balance with 18.e4,
with the idea of transferring the rook to e3. Not finding this idea, Anish
starts to play without any special plan.} h6 19. Qg3 {It looks as though, with
this plan, White has blunted the bishop on c6, but as Botvinnik showed several
times, this bishop always has its uses.} d5 20. Nc3 {This move shows that my
opponent was already dissatisfied with the course of the game.} ({It looks
very dangerous to play} 20. Nc5 {because the knight is in a very restricted
position, but in this situation, it was already essential. After} Rf8 21. b3 {
White is still in the game.}) 20... Rf8 {Now White's position is devoid of any
active ideas.} 21. Ne2 Rf5 {Preventing the advance f4.} 22. Kg2 ({On} 22. Qb8+
{as well as other moves, Black has the interesting resource} Nc8) 22... Nd7 {
Not the only good move in the position, but the most logical. When the
opponent has a cramped position, prophylaxis is often stronger than direct
tactical blows.} 23. Rh1 {After this mistake, one can boldly say that Black
has a winning position.} (23. b3 {was more stubborn.}) 23... Nf8 {The knight
goes to h4, after which White does not have to suffer much longer.} 24. h4 {
Desperation.} Ng6 {The rest does not require much commentary, of course. The
fact that the game lasted until move 40 only reflects my lack of hurriedness.}
25. f4 Nxh4+ 26. Kf1 {Of course, in this situation, many moves lead to a win,
but I wanted to play without calculating variations.} Qb4 27. Rb1 Be8 {Here, I
decided to transfer the bishop to d3, via g6.} ({A quicker win was} 27... Ba4)
28. Nc3 Qe7 {Tranferring the queen to f6. At the same time, the threat appears
of pushing the queenside pawns with b5.} 29. b4 Rf8 30. Rb2 Bg6 31. Ke1 {
Trying to evacuate the king to the queenside.} Bd3 32. fxg5 Nf3+ 33. Kd1 hxg5 {
Of course, it was also possible to exchange queens, but I wanted to end the
game with an attack.} 34. Qh3 Qf6 35. Kc1 {It might seem that White's position
has improved, but this impression is deceptive. After some thought, I decided
to expose White's weaknesses by means of e5.} Bg6 {It was also possible to
begin with ...Rd8.} 36. a4 {On 36.b5 the reply ...Qe7, with the idea of ...Qa3,
is very unpleasant.} Rd8 37. Ne2 e5 {After the exchange on d4, White has to
take with the pawn, so as not to allow the knight into d3.} 38. Qg4 exd4 39.
exd4 Re8 40. Qd7 {Allowing a beautiful finish.} c3 41. Ra2 ({On} 41. Rc2 {
the simplest win of all is} Rd8) 41... Ne1 42. Rxe1 ({After} 42. Rh3 Qxf2 43.
Nxc3 Qf4+ 44. Kd1 Nc2 {White loses a lot of material.}) 42... Qf4+ 43. Kd1 Qe4
{Since after 44.Qxe8+ Bxe8 White loses at least a rook, whilst other moves
lead to mate, my opponent resigned.} 0-1

[Event "GRE-chT 30th"]
[Site "Athens"]
[Date "2001.07.14"]
[Round "8"]
[White "Atalik, Suat"]
[Black "Miladinovic, Igor"]
[Result "1/2-1/2"]
[WhiteElo "2532"]
[BlackElo "2496"]
[Annotator "Atalik,S"]
[PlyCount "45"]
[EventDate "2001.07.07"]
[EventType "team"]
[EventRounds "9"]
[EventCountry "GRE"]
[SourceTitle "EXT 2003"]
[Source "ChessBase"]
[SourceDate "2002.11.25"]
[SourceVersion "1"]
[SourceVersionDate "2002.11.25"]
[SourceQuality "1"]

1. d4 d5 2. c4 e6 3. Nf3 Nf6 4. Nc3 Be7 5. Bf4 c6 $6 {This usually leads to
passive play.} 6. e3 Nbd7 7. h3 {I recommend to keep the bishop in such
positions like this.} dxc4 8. Bxc4 Nb6 9. Bd3 Nbd5 10. Bg3 Qa5 11. Qb3 Qb6 12.
Ke2 Qxb3 13. axb3 $16 {Space advantage.} Nb4 14. Na4 $1 Bd8 (14... Nd7 15. Ne5)
15. Ne5 Nxd3 16. Kxd3 O-O 17. Nc3 Nd5 18. Rhc1 Be7 19. Nc4 Rd8 20. Ke2 {
Not falling into the trap.} (20. Nxd5 exd5 21. Nb6 $2 axb6 22. Rxa8 Bf5+) 20...
f6 21. Na4 $6 {Very tactical,but not the best.} ({I have actually forgotten
what I have planned in this stage of the game.} 21. e4 $1 Nxc3+ (21... Nb4 22.
Nb6 axb6 23. Rxa8 e5 24. dxe5 Bg4+ 25. hxg4 Rxa8 26. Rd1 $16) 22. bxc3 Bd7 23.
Bc7 (23. Bd6 Kf7) (23. Ra2 b5 24. Ne3 b4 25. c4 Be8 26. d5 cxd5 27. cxd5 Bb5+
28. Kf3 exd5 29. exd5 $14) 23... Rdc8 24. Bd6 Kf7 25. Bxe7 Kxe7 26. e5 Be8 27.
Nd6 Rc7 28. Ra5 $16) 21... Bd7 (21... b5 22. Nab6 axb6 23. Rxa8 bxc4 24. bxc4
Nb4 25. Bc7 Re8 26. Bxb6 e5 27. Rca1 $16) 22. e4 ({If white wants he can force
a draw.} 22. Na5 Bc8 23. Nc4 $11) 22... Nb4 (22... b5 $2 23. exd5 cxd5 24. Nab6
axb6 25. Rxa8 Rxa8 26. Nxb6 Ra7 27. Bc7 Be8 28. Nc8 $18) 23. Bd6 {Here
something rare happenned I really became upset with the playing conditions
especially conncted with the cellular phones and decided to finish the game as
a draw.} (23. Nc5 $2 Bc8 24. Ra4 (24. Nb6 $2 axb6 25. Rxa8 bxc5 $17) 24... e5 (
24... Rxd4 25. Nb6 Bxc5 26. Nxa8 b6 $17) 25. Rxb4 Rxd4 $17) (23. Nd6 b6) (23.
Bd6 $1 Bxd6 (23... Kf7 24. Nc5 b5 (24... Bc8 25. Bxe7 Kxe7 26. Ra4 b5 (26... b6
27. Rxb4 bxc5 28. dxc5 Ba6 29. Ra4 $16) 27. Rxb4 a5 28. Ra1 $1 $16) 25. Bc7
Bxc5 26. dxc5 bxc4 27. Bxd8 cxb3 28. Bc7 e5 $16) 24. Nxd6 b6 25. Rc4 Na6 (25...
Nd5 $2 26. exd5 cxd5 27. Nxb6 axb6 28. Rxa8 Rxa8 29. Rc7 Rd8 30. Ke3 Be8 31.
Nxe8 Rxe8 32. Rb7 $18) 26. Nc3 (26. Nc5 bxc5 27. Rxa6 cxd4 28. Rxd4 e5 29. Rd3
Rdb8 $132) (26. Nxb6 $2 axb6 27. Rca4 Nc7) 26... Nc7 27. Ke3 a5 28. f4 $14)
1/2-1/2

[Event "Isthmia op 1st"]
[Site "Vrachati"]
[Date "2011.08.23"]
[Round "7"]
[White "Atalik, Suat"]
[Black "Jojua, Davit"]
[Result "1-0"]
[WhiteElo "2619"]
[BlackElo "2505"]
[Annotator "Atalik,S"]
[PlyCount "65"]
[EventDate "2011.08.18"]
[EventType "swiss"]
[EventRounds "9"]
[EventCountry "GRE"]
[SourceTitle "CBM 144 Extra"]
[Source "ChessBase"]
[SourceDate "2011.10.28"]
[SourceVersion "1"]
[SourceVersionDate "2011.10.28"]
[SourceQuality "1"]

1. d4 d5 2. c4 e6 3. Nc3 Be7 {Alapin's move.} 4. Bf4 ({There are some really
popular lines.} 4. cxd5 exd5 5. Bf4 c6 6. e3 (6. Qc2 g6 (6... Bd6 7. Bxd6 Qxd6
8. e3 Ne7 9. Bd3 b6 10. Nf3 Ba6 11. O-O Bxd3 12. Qxd3 O-O 13. e4 Nd7 $132) (
6... Nf6 7. e3 (7. h3 g6 8. e3 Bf5 9. Qd2 h5) 7... Nh5 $1 8. Be5 Nd7 9. Be2
Nxe5 10. dxe5 g6 11. Bxh5 gxh5 $13) 7. e3 Bf5 8. Qd2 Nf6 9. f3) 6... Bf5 7. g4
Be6 8. h4 Nd7 9. g5 h6 10. g6 fxg6 11. Bd3 Nf8 12. Nf3 $44) 4... Nf6 5. e3 c5
$5 {This may be too early.} (5... O-O 6. Nf3 Nbd7 {scares people.} (6... c5 7.
dxc5 {transposes to the game.})) 6. dxc5 (6. cxd5 $6 Nxd5 7. Bb5+ (7. Bxb8 Rxb8
8. Bb5+ Bd7) 7... Nc6 $1 $17 (7... Bd7 8. Nxd5 exd5 9. Bxd7+ Nxd7 10. Ne2 $14))
6... Bxc5 7. Nf3 Nc6 8. a3 O-O (8... dxc4 9. Qc2 $5) 9. Qc2 Qa5 10. Rd1 Be7 (
10... Ne4 11. cxd5 Nxc3 12. bxc3 (12. Qxc3 Qxc3+ 13. bxc3 exd5 14. Rxd5 $16)
12... exd5 13. Rxd5 Qxa3 14. Ng5 g6 15. Bc4 $40) 11. Be2 dxc4 $5 (11... e5 12.
Bg3 Be6 13. O-O dxc4 14. Ng5 $44) ({Another good move is} 11... Ne4 12. cxd5
Nxc3 13. Qxc3 (13. bxc3 exd5) 13... Qxc3+ 14. bxc3 exd5 15. Rxd5 Bxa3 16. Nd4
Nxd4 17. exd4 b6 18. Kd2 a6 19. Ra1 $36 {I still do believe in White's
position.}) 12. Bxc4 Nh5 $1 (12... e5 13. Bg3 Bg4 14. O-O Rac8 15. Rc1 $1) 13.
O-O $1 {This is first played by Epishin against me.} (13. Bd6 Bxd6 14. Rxd6 Nf6
15. Qd2) 13... Nxf4 14. exf4 g6 15. g3 $1 {Epishin} a6 $146 {So GM Jojua
wanted to include b5 in the game which would have solved his opening problems.}
(15... Bf6 16. Rd3 $1 {is what I have played and never really equalized.}) (
15... Rd8 16. Rxd8+ Qxd8 17. Rd1 Bd7 18. f5 gxf5 19. Qd2 Qb6 20. Qh6 Be8 21.
Ng5 Bxg5 22. Qxg5+ Kf8 23. Rd6 $40 {Kramnik-Carlsen,Dortmund 2009.}) 16. Rfe1 (
16. Be2 Rd8 17. Rxd8+ Qxd8 18. Rd1 Bd7 19. f5 $140 exf5 $1 {is the difference
with Kramnik-Carlsen game.}) 16... Rd8 (16... b5 $2 17. Bd5 $3 (17. Bf1 Bb7 18.
Rd7 Qb6 19. Bg2 Rfd8 20. Red1 Rxd7 21. Rxd7 Rd8 22. Rxd8+ Qxd8 23. Ne5 Qa8 24.
Nxc6 Bxc6 25. Bxc6 Qxc6 26. Qe4 Qxe4 27. Nxe4 $11) (17. Ba2 Qb6) 17... exd5 (
17... Bb7 $2 18. Ne5 Nxe5 19. Bxb7 Rab8 20. fxe5 Rxb7 21. Ne4 $16) 18. Nxd5 Bb7
19. Ne5 Nxe5 20. Nxe7+ Kg7 21. fxe5 Bf3 (21... Rad8 22. e6) (21... Rfe8 22. Qc5
$16) 22. Rc1 Qd8 23. Qc3 $1 $16) 17. Rxd8+ Qxd8 18. h4 {I started to doubt if
White has anything in this line after this game.} (18. Rd1 Bd7 19. f5 gxf5 20.
Qd2 {just like in Kramnik's game did not appeal to me.}) 18... b5 $5 (18... Bd7
{is also a good move.} 19. Rd1 (19. h5 $6 Be8 20. Bd3 Nd4 21. Nxd4 Qxd4 22.
hxg6 hxg6 23. f5 Rd8 $1 $17) 19... Qc7 20. Bf1 (20. f5 gxf5 21. Qd2 Be8) (20.
Bd3 Be8 21. h5 Rd8) 20... Be8 21. Ne4 $13) 19. Bf1 Bb7 20. Bg2 Rc8 21. Qe2 Rc7
22. h5 Nd4 $2 {An unnecessary mistake.} (22... Rd7 $142 $1 23. Rd1 (23. Ne4 Nd4
24. Nxd4 Rxd4 25. Qe3 $13) 23... Rxd1+ 24. Nxd1 $11) 23. Nxd4 Qxd4 24. Bxb7
Rxb7 25. Qf3 Rb8 26. Rd1 Qc5 $2 $138 {My opponent started to go really low on
time from this moment on.} (26... Qc4 27. Kg2 $40) (26... Qa7 $5 27. Ne4 $16)
27. h6 f5 $2 {One mistake follows the other one.} (27... b4 28. Ne4) 28. b4 $18
{All of a sudden Black is worse because of his exposed King.} Qc7 $2 {The
final mistake which provokes a knight fork.} (28... Qc4 29. Qe3 $1) 29. Nd5 $1
exd5 (29... Qb7 30. Nxe7+ Qxe7 31. Qc6 Rd8 32. Rxd8+ Qxd8 33. Qxe6+ Kf8 34. Qe5
$1 $18) (29... Qd8 30. Nf6+ Bxf6 31. Rxd8+ Rxd8 32. Qc6 $18) (29... Qa7 30.
Nxe7+ Qxe7 31. Qc6 $18) 30. Qxd5+ Kf8 31. Qd4 Qc4 (31... Ke8 32. Qg7 $5 $18 {
I have thought that this is the simplest.} (32. Qh8+ Bf8 33. Re1+ Kd7 34. Qxh7+
Kc8 35. Re8+ (35. Qxg6 Kb7 36. h7 Bg7 37. Qxf5 $18) 35... Kb7 36. Rxb8+ Kxb8
37. Qg8 $18)) 32. Qg7+ Ke8 33. Qh8+ (33. Qh8+ Bf8 (33... Kf7 34. Qxh7+ Ke8 35.
Qh8+ $18) 34. Qe5+ $18 {wins the rook and the game.}) 1-0

[Event "BIH-chT 2nd"]
[Site "Jahorina"]
[Date "2003.06.25"]
[Round "7"]
[White "Maksimenko, Andrei"]
[Black "Atalik, Suat"]
[Result "1/2-1/2"]
[WhiteElo "2506"]
[BlackElo "2568"]
[Annotator "Atalik,S"]
[PlyCount "101"]
[EventDate "2003.06.21"]
[EventType "team-tourn"]
[EventRounds "9"]
[EventCountry "BIH"]
[SourceTitle "CBM 094 Extra"]
[Source "ChessBase"]
[SourceDate "2003.07.09"]
[SourceVersion "2"]
[SourceVersionDate "2003.07.09"]
[SourceQuality "1"]
[WhiteTeam "Bugojno SK Napredak"]
[BlackTeam "Sarajevo Napredak"]
[WhiteTeamCountry "BIH"]
[BlackTeamCountry "BIH"]

1. Nf3 d5 2. d4 Nf6 3. c4 e6 4. Nc3 Nbd7 {Due to the efforts of our big guns
Predrag and Ivan this variation may be named as Bosnian Variation.} 5. Bf4 $5 {
An interesting move which would not appeal to many people.In this line white
may give two bishops and accept a pawn structure with double ones but still he
is in full command.} dxc4 6. e3 Nd5 $5 {Very sharp!} ({The safest among all is
} 6... Nb6 7. Bxc4 Nxc4 8. Qa4+ Bd7 9. Qxc4 Bd6 10. Bg5 $14) 7. Bxc4 Nxf4 8.
exf4 Nb6 9. Bd3 ({After the other retreat} 9. Bb3 Bd6 10. Ne5 O-O 11. O-O Bd7
$13 {Black should aim this type of postions.}) 9... Be7 $6 {I was fixated to
push c5.} 10. O-O Nd5 11. g3 c5 $2 {Very optimistic!} (11... O-O 12. Qe2 c5 13.
Nxd5 exd5 14. Rfe1 Bf6 15. dxc5 (15. Qc2 cxd4 16. Bxh7+ Kh8 17. Bf5 Qb6 $1 $13
{is highly interesting.}) 15... Bg4 16. h3 Bxh3 17. Ng5 Bxg5 18. Qh5 g6 19.
Qxg5 Qxg5 20. fxg5 Be6 21. b4 Rac8 22. Rac1 Rc7 23. Rc2 Kg7 $14 {Black is
worse but he still has a tenable position.}) 12. Bb5+ Bd7 (12... Kf8 13. dxc5
Nxc3 14. Qxd8+ Bxd8 15. bxc3 $16 {b7 is a big problem.}) 13. Bxd7+ Qxd7 14. Ne5
Nxc3 15. bxc3 Qc7 {This is necessary!} (15... Qb5 $6 16. Rb1 Qa6 17. Qf3 cxd4
18. cxd4 $1 (18. Rxb7 $6 dxc3 19. Rd1 Rc8 $17 {c pawn is very dangerous.})
18... O-O 19. Rxb7 $16 {is preety bad.}) 16. Qa4+ Kf8 17. dxc5 (17. Rfd1 cxd4
18. cxd4 f6 19. Rac1 $16 {Black will badly suffer.}) 17... f6 18. Nf3 $2 {
After alot of thinking Andrei went for some murky line.} ({The winning move
was.} 18. Nd3 $18) 18... Bxc5 19. Rfe1 Kf7 20. Rad1 ({Black does not have big
problems after} 20. f5 e5 (20... exf5 $2 21. Qc4+ Kg6 22. Qe6 $1 (22. Nh4+ $2
Kg5 23. Qe6 g6 $11) 22... Rhe8 (22... Qc8 $2 23. Ne5+ $18) 23. Nh4+ Kh6 24.
Qxf5 $18) 21. Qb3+ Kf8 22. Rad1 g6 $1 23. Qe6 Qb6 24. Qxb6 axb6) 20... Rhd8 21.
f5 {In this very moment he almost have exhausted all of his time.} e5 ({
Now this is much better than one move before.} 21... exf5 $5 22. Qc4+ Kg6 23.
Qe6 $1 h6 24. Ne5+ Kh7 25. Qxf5+ Kh8 $13) 22. Nd2 {Draw offer.} (22. Qc4+ Kf8
23. Qh4 Kg8) 22... Qc6 $1 23. Qxc6 bxc6 24. Ne4 Be7 $1 {By producing some very
accurate moves black takes over the initiative.} (24... Bb6 25. Kf1) 25. Rxd8
Rxd8 26. Rb1 g6 27. g4 $8 {However whites structure is still intact.} (27.
fxg6+ hxg6 28. Rb7 Ke6) 27... gxf5 28. gxf5 Rg8+ 29. Kf1 Rg4 30. f3 Rf4 31. Rb7
$11 {After this the game peters out to be a draw.} Ke8 $6 {A brave but risky
choice.} ({Objectively black should take the draw.} 31... Rxf3+ 32. Kg2 Re3 33.
Nd6+ Kf8 34. Rb8+ Kg7 35. Rb7 Kf8 $11) 32. Kg2 Rxf5 33. Rxa7 Rf4 34. Rc7 $6 {
This loses a tempo.} (34. a4 f5 35. Ng3 e4 36. fxe4 fxe4 37. Rc7 e3 (37... c5
$2 38. a5 e3 39. a6 Rf2+ 40. Kh3 Ra2 41. a7 $18) 38. Rxc6 Rf2+ 39. Kh3 Kd7 40.
Rc4 Ra2 $44) 34... c5 (34... f5 35. Ng3 c5 36. Nh5 Rc4 37. Ng7+ Kd8 38. Ra7
Rxc3 39. Nxf5 Rc2+ 40. Kh3 Bg5 41. Ng7 h6 42. Ne6+ Ke8 $11) 35. Nxc5 $6 (35. a4
$142 Kd8 36. Ra7 f5 37. Nd2 e4 38. fxe4 fxe4 39. Nc4 Rf3 40. Ne5 Rf6 $14) 35...
Bxc5 {I had enough with this knight.} (35... Rc4 $6 36. Ne6 Ra4 37. Ng7+ Kd8
38. Rb7 Rxa2+ 39. Kg3 $16) 36. Rxc5 Ra4 37. Kg3 {He did not cut me from the
7th rank.} (37. Rc7 h5 38. Kg3 Rxa2 $11) 37... Kf7 38. h4 Kg6 39. Rc7 h5 {
Here around I did still have some ambitious to win the ending.} 40. Rc8 f5 (
40... Rxa2 41. f4 e4 42. Rc5 f5 43. Rc6+ Kg7 44. Rc7+ Kf6 45. Rc6+ Ke7 46. Rc5
Ke6 47. Rc6+ $11) 41. Rc6+ Kf7 42. Rh6 Ra3 $1 {The best under the
circumstances.} (42... Rxa2 43. f4 $11) 43. Rxh5 Kg6 44. Rg5+ Kf6 45. Rg8 Rxc3
46. h5 Kf7 (46... e4 {would be a mistake.} 47. h6 Rxf3+ 48. Kg2 $18) 47. Rg5
Kf6 48. Rg6+ Kf7 49. Rg5 ({After the push still nothing changes.} 49. a4 e4 50.
Kf4 Rxf3+ 51. Ke5 e3 52. Rg1 f4 53. a5 Rh3 (53... e2 54. Re1 Ra3 $11) (53...
Rg3 54. Rb1 f3 55. Kf4 Rg5 56. a6 Rxh5 $11) 54. Kxf4 Rxh5 55. Ra1 e2 $11) 49...
Kf6 50. Rg6+ Kf7 51. Rg5 $11 {Another threefold repetition.} 1/2-1/2